Statistics for All Cities In Switzerland

Click here to take the quiz!

General Stats

  • This quiz has been taken 23 times
  • The average score is 6 of 9

Answer Stats

HintAnswer% Correct
100kBasel
100%
200kGeneva
100%
380kZurich
100%
140kBern
96%
120kLausanne
96%
54kLugano
65%
50kBiel/Bienne
43%
100kWinterthur
39%
78kLuceme
4%

Score Distribution

Percentile by Number Answered

Percent of People with Each Score

Your Score History

You have not taken this quiz